مكتبة جامعة عجلون الوطنية

فهرس بحث المكتبة

Normal view MARC view
  • غلادنت، شيخو أحمد سعيد

Entry Personal Name

Number of records used in: 1

001 - CONTROL NUMBER

  • control field: 19662

003 - CONTROL NUMBER IDENTIFIER

  • control field: JO-AjAnu

005 - DATE AND TIME OF LATEST TRANSACTION

  • control field: 20230606073431.0

008 - FIXED-LENGTH DATA ELEMENTS

  • fixed length control field: 230606|| aca||aabn | a|a d

040 ## - CATALOGING SOURCE

  • Original cataloging agency: JO-AjAnu
  • Transcribing agency: JO-AjAnu

100 ## - HEADING--PERSONAL NAME

  • Personal name: غلادنت، شيخو أحمد سعيد

670 ## - SOURCE DATA FOUND

  • Source citation: Work cat.: (JO-AjAnu)10095: غلادنت، شيخو أحمد سعيد, author, حركة اللغة العربية وآدابها في نيجيريا من سنة 1804 - 1966م